00164 a2200073 450000100060000010000130000624500520001926000190007123482 aShera JH aDocumentation and the organization of knowledge abcroslyc1966